| 000 | 00607nam a22002177a 4500 | ||
|---|---|---|---|
| 003 | OSt | ||
| 005 | 20140310182946.0 | ||
| 008 | 130205t xxu||||| |||| 00| 0 eng d | ||
| 020 | _a9712334961 | ||
| 050 |
_aDS 675.8 _b.Ad221 2002 |
||
| 082 |
_aFIL 920 _bAd1 2002 |
||
| 245 |
_aJose P. Rizal _bang kanyang buhay, ginawa at naging bahagi sa himagsikang Pilipino _cAdanza, Estela G. |
||
| 250 | _a1a ed. | ||
| 260 |
_aManila _bRex Book Store _cc2002 |
||
| 300 |
_a211 p. _c22 cm. |
||
| 521 | _acollege students | ||
| 526 | _c1210L-1700L | ||
| 541 | _j1 | ||
| 562 | _e1 | ||
| 942 |
_2lcc _cBK _kFIL |
||
| 999 |
_c17813 _d17813 |
||